000 00313nam a2200121Ia 4500
008 190216s9999||||xx |||||||||||||| ||und||
100 _aThomas Willard Harrell
245 0 _aIndustrial Psychology
260 _bOxford And Ibh Publishing Co. Pvt Ltd
_c1967
300 _a389p
650 _aPsychology
942 _cREF
999 _c35322
_d35322